| 000 | 00542nam a2200181 i 4500 | ||
|---|---|---|---|
| 001 | 51239 | ||
| 003 | ES-MaACL | ||
| 005 | 20230906162325.0 | ||
| 007 | t| | ||
| 008 | 030811s1970 sp ||||1| spa d | ||
| 100 | 1 |
_aDabezies, P. _942397 |
|
| 245 | 1 | 0 |
_aTeología de la violencia / _cP. Dabezies, A. Dumas ; [tradujo Alfonso López Caballero]. |
| 260 |
_aSalamanca : _bSígueme, _c1970. |
||
| 300 |
_a154 p. ; _c20 cm. |
||
| 700 | 1 |
_aLópez Caballero, Alfonso. _973474 |
|
| 700 | 1 |
_aDumas, A. _945980 |
|
| 852 |
_aES-MaACL _jC-44261 _bR.74366 |
||
| 999 |
_c51239 _d51239 |
||